Globalising democracy : party politics in emerging democracies /

This volume brings together expert contributors to explore the intersection of two major contemporary themes: globalization, and the contribution that both domestic party politics and international party support make to democratization. Globalising Democracy clearly shows what globalization means fo...

Full description

Bibliographic Details
Corporate Author: Taylor & Francis
Other Authors: Burnell, Peter J.
Format: eBook
Language:English
Language Notes:English.
Published: London ; New York : Routledge, Taylor and Francis Group, 2012.
Series:Warwick studies in globalisation.
Subjects:
Online Access:Connect to the full text of this electronic book

MARC

Tag First Indicator Second Indicator Subfields
LEADER 00000cam a2200000 i 4500
001 in00004768021
006 m o d
007 cr |||||||||||
008 151211s2012 enk ob 001 0 eng
005 20240130225558.8
010 |a  2020690958 
035 |a (OCoLC)ocn826516102 
040 |a DLC  |b eng  |e rda  |c DLC  |d NLGGC  |d TYFRS  |d OCLCF  |d COCUF  |d UAB  |d CN8ML  |d CEF  |d UPM  |d D6H  |d LEAUB  |d ERF  |d OCLCO  |d LVT  |d OCLCO  |d W4K  |d FWR  |d OCLCO  |d OCL  |d OCLCQ  |d Q2U  |d SHC  |d TEFOD  |d SFB  |d OCLCO 
015 |a GBA653980  |2 bnb 
016 7 |a 013490048  |2 Uk 
019 |a 1229456702  |a 1289895644  |a 1295935063  |a 1295947255  |a 1303459461  |a 1303483956  |a 1316224121  |a 1317372549  |a 1319452780  |a 1329054727  |a 1385483269  |a 1390929248 
020 |a 9781134143887  |q ebook 
020 |a 1134143885 
020 |z 020396571X 
020 |z 0415401836  |q (pbk.) 
020 |z 0415401844  |q (hbk.) 
020 |z 9780203965719 
020 |z 9780415401838  |q (pbk.) 
020 |z 9780415401845  |q (hbk.) 
020 |a 9781134143849  |q (e-book: Mobi) 
020 |a 1134143842 
020 |a 9781134143894  |q (e-book: PDF) 
020 |a 1134143893 
020 |a 1280620889 
020 |a 9781280620881 
020 |a 9786610620883 
020 |a 6610620881 
024 7 |a 10.4324/9780203965719  |2 doi 
035 |a (OCoLC)826516102  |z (OCoLC)1229456702  |z (OCoLC)1289895644  |z (OCoLC)1295935063  |z (OCoLC)1295947255  |z (OCoLC)1303459461  |z (OCoLC)1303483956  |z (OCoLC)1316224121  |z (OCoLC)1317372549  |z (OCoLC)1319452780  |z (OCoLC)1329054727  |z (OCoLC)1385483269  |z (OCoLC)1390929248 
037 |a 69BAF6D3-2296-4DD7-866B-817DA1BD4D9F  |b OverDrive, Inc.  |n http://www.overdrive.com 
042 |a pcc 
050 0 0 |a JZ1318 
072 7 |a s1sp  |2 rero 
082 0 4 |a 303.482  |b G562 
084 |a 89.35  |2 bcl 
049 |a TXAM 
245 0 0 |a Globalising democracy :  |b party politics in emerging democracies /  |c edited by Peter Burnell. 
246 3 |a Globalizing democracy 
264 1 |a London ;  |a New York :  |b Routledge, Taylor and Francis Group,  |c 2012. 
300 |a 1 online resource. 
336 |a text  |b txt  |2 rdacontent 
337 |a computer  |b c  |2 rdamedia 
338 |a online resource  |b cr  |2 rdacarrier 
490 1 |a Warwick studies in globalisation 
504 |a Includes bibliographical references (pages 210-22) and index. 
505 0 0 |t Globalising party politics in emerging democracies /  |r Peter Burnell --  |t Political parties, international party assistance and globalisation /  |r Peter Burnell --  |t Political parties and the democratisation of globalisation /  |r Jan Aart Scholte --  |t Examining international political party aid /  |r Thomas Carothers --  |t East-central Europe : parties in crisis and the external and internal Europeanisation of the party systems /  |r Attila Ágh --  |t External assistance for political contenders in transition states : cautionary tales from the Balkans /  |r Tom Gallagher --  |t Globalisation and party transformation : Turkey's justice and development party in perspective /  |r Ziya Öniş --  |t Globalising party politics in Africa : the influence of global party-based democracy networks /  |r M.A. Mohammed Salih --  |t Party assistance and the crisis of democracy in southern Africa /  |r Roger Southall --  |t Hesitant bedfellows : the German Stiftungen and party aid in Africa /  |r Gero Erdmann --  |t Looking to the future : practice and research in party support /  |r Peter Burnell. 
588 |a Description based on print version record and CIP data provided by publisher. 
520 |a This volume brings together expert contributors to explore the intersection of two major contemporary themes: globalization, and the contribution that both domestic party politics and international party support make to democratization. Globalising Democracy clearly shows what globalization means for domestic and international efforts to build effective political parties and competitive party systems in new and emerging democracies. Contrasting perspectives are presented through fresh case studies of European post-communist countries, Africa and Turkey. The reader is clearly. 
546 |a English. 
650 0 |a Globalization. 
650 0 |a Democracy. 
650 0 |a Democracy  |v Congresses. 
650 4 |a Démocratie - Congrès. 
650 4 |a Mondialisation - Congrès. 
650 6 |a Mondialisation  |v Congrès. 
650 6 |a Démocratie  |v Congrès. 
650 6 |a Mondialisation. 
650 7 |a globalism.  |2 aat 
650 7 |a Democracy  |2 fast 
650 7 |a Globalization  |2 fast 
650 7 |a Demokratie  |2 gnd 
650 7 |a Globalisierung  |2 gnd 
650 7 |a Partei  |2 gnd 
650 1 7 |a Democratisering.  |2 gtt 
650 1 7 |a Politieke partijen.  |2 gtt 
650 1 7 |a Internationalisatie.  |2 gtt 
650 1 7 |a Politieke hervormingen.  |2 gtt 
653 |a assistance 
653 |a party 
653 |a aid 
653 |a promotion 
653 |a system 
653 |a political 
653 |a international 
653 |a zeeuw 
653 |a civil 
653 |a society 
655 7 |a Electronic books.  |2 local 
655 4 |a Aufsatzsammlung. 
655 7 |a Conference papers and proceedings  |2 fast 
700 1 |a Burnell, Peter J. 
710 2 |a Taylor & Francis. 
776 0 8 |i Print version:  |t Globalising democracy  |d London ; New York : Routledge, Taylor & Francis Group, 2006.  |z 020396571X  |w (DLC) 2006010362 
776 0 8 |i Online version:  |t Globalising democracy.  |d London ; New York : Routledge, 2006  |w (OCoLC)608151511 
830 0 |a Warwick studies in globalisation. 
856 4 0 |u https://www.taylorfrancis.com/books/9780203965719  |z Connect to the full text of this electronic book  |t 0 
955 |a Taylor & Francis Open Access ebooks 
994 |a 92  |b TXA 
999 f f |s 832be929-0ced-4618-9312-a30536b738eb  |i f8c54e80-71b0-44c2-9243-d8505423374b  |t 0 
952 f f |a Texas A&M University  |b College Station  |c Electronic Resources  |d Available Online  |t 0  |e JZ1318   |h Library of Congress classification 
998 f f |a JZ1318   |t 0  |l Available Online